000 00715nam a22001937a 4500
003 BD-DhUL
005 20170516104816.0
008 170516b2005 B p|||| |||| 00| 0 B d
020 _a9848561005
040 _aBD-DhUL
_cBD-DhUL
082 _a324.2549207
_bKAB
100 1 _aকরিম, আবু
245 1 0 _aবাংলাদেশে বামপন্থী রাজনীতি /
_cআবু করিম
260 _aঢাকা :
_bসাহিত্য সমাবেশ,
_c২০০৫.
300 _a২৩৫ পৃ. ;
_c২২ সেমি.
650 4 _aবামপন্থী রাজনীতি
_zবাংলাদেশ
650 4 _aLeft Politics
_zBangladesh
942 _2ddc
_cBK
999 _c197442
_d197442